| Tag |
First Indicator |
Second Indicator |
Subfields |
| LEADER |
00000cam a2200000Ia 4500 |
| 001 |
in00001522425 |
| 005 |
20151021170128.0 |
| 008 |
000215s1996 dcua 000 0 eng d |
| 035 |
|
|
|a (OCoLC)43460604
|
| 040 |
|
|
|a TXA
|c TXA
|d UtOrBLW
|
| 049 |
|
|
|a TXAM
|
| 090 |
|
|
|a LA228
|b .I452 1996
|
| 245 |
0 |
0 |
|a In brief 1996 :
|b facts about public universities /
|c NASULGC.
|
| 264 |
|
1 |
|a Washington, D.C. :
|b National Association of State Universities and Land-Grant Colleges,
|c 1996.
|
| 300 |
|
|
|a 16 pages :
|b illustrations ;
|c 28 cm.
|
| 336 |
|
|
|a text
|b txt
|2 rdacontent
|
| 337 |
|
|
|a unmediated
|b n
|2 rdamedia
|
| 338 |
|
|
|a volume
|b nc
|2 rdacarrier
|
| 500 |
|
|
|a Cover title.
|
| 500 |
|
|
|a "August 1996."
|
| 650 |
|
0 |
|a Education, Higher
|z United States
|v Statistics.
|
| 650 |
|
0 |
|a State universities and colleges
|z United States
|x Statistics.
|
| 710 |
2 |
|
|a National Association of State Universities and Land-Grant Colleges.
|
| 994 |
|
|
|a E0
|b TXA
|
| 948 |
|
|
|a cataloged
|b h
|c 2000/2/15
|d o
|e mkz
|f 11:48:14 am
|
| 999 |
|
|
|a MARS
|
| 999 |
f |
f |
|s d7254ce6-477e-3bbb-892d-20483e5ac7bf
|i cd70e4ec-49a4-3460-b318-1741a5eba66b
|t 0
|
| 952 |
f |
f |
|p noncirc
|a Texas A&M University
|b College Station
|c Cushing Memorial Library & Archives
|d Cushing: Texas A&M (Does not check out)
|t 0
|e LA228 .I452 1996
|f Vertical File
|h Library of Congress classification
|i unmediated -- volume
|
| 998 |
f |
f |
|a LA228 .I452 1996
|t 0
|l Cushing: Texas A&M (Does not check out)
|